Statistiken für Pflanzen

Klicken Sie hier um das Quiz zu spielen!

Allgemein

  • Dieses Quiz wurde 475 mal gespielt
  • Das Durchschnittsergebnis liegt bei 11 aus 20

Antwortstatistiken

Antwort% Korrekt
Rose
97%
Eiche
94%
Apfelbaum
92%
Tulpe
90%
Mammutbaum
77%
Ahorn
72%
Kirschbaum
69%
Phalaeonopsis
67%
Klee
65%
Fichte
63%
Kastanienbaum
54%
Fingerhut
52%
Vergissmeinnicht
47%
Distel
44%
Edelweiß
40%
Enzian
31%
Platane
28%
Ringelblume
17%
Schafgabe
9%
joshua tree
5%

Verteilung der Resultate

Perzentil nach korrekt beantworteten Fragen

Anzahl Personen mit jedem Resultat

Ihre Resultats-Entwicklung

Sie haben dieses Quiz noch nicht gespielt